000 00932cam a22002413a 4500
001 4338
003 PGUSA
005 20140828083052.0
008 030801s2003||||xxu|||||s|||||000 | eng d
040 _aPGUSA
_beng
042 _adc
050 4 _aRA
100 1 _aCall, Annie Payson,
_d1853-1940
245 1 4 _aThe Freedom of Life
_h[electronic resource] /
_cAnnie Payson Call
260 _bProject Gutenberg,
_c2003
505 0 _aThe freedom of life -- How to sleep restfully -- Resistance -- Hurry, worry, and irritability -- Nervous fears -- Self-consciousness -- The circumstances of life -- Other people -- Human sympathy -- Personal independence -- Self-control -- The religion of it -- About Christmas -- To mothers.
506 _aPublic domain in the USA.
516 _aElectronic text
653 _aMental health
830 0 _aProject Gutenberg
_v4338
856 4 0 _uhttp://www.gutenberg.org/ebooks/4338
942 _cEB
999 _c233667
_d233667